Statistics for NASCAR records unlikely to be Broken

Click here to take the quiz!

General Stats

  • This quiz has been taken 14 times
  • The average score is 10 of 15

Answer Stats

HintAnswer% Correct
Won 5 championships in a row.Jimmie Johnson
100%
Won 10 races in a row, 27 in one year, and 200 in a careerRichard Petty
100%
797 consecutive start streak covering 23 seasons.Jeff Gordon
85%
Most consecutive seasons with a pole. (23 total)Jeff Gordon
85%
Fastest pole speed ever of 212.809mph.Bill Elliot
77%
Most consecutive wins (7) at Bristol Motor Speedway.Darrell Waltrip
77%
188.354mph average race speed for an entire cup race.Mark Martin
77%
Most consecutive poles (11) at Charlotte Motor Speedway.David Pearson
69%
Loudest race track.Bristol Motor Speedway
62%
Won a race by 14 laps over the 2nd place finisher.Ned Jarrett
46%
Most consecutive races leading at least one lap. (39)Bobby Allison
38%
Oldest driver (52) to win a cup series race.Harry Gant
38%
Driver went 0-653 in his career.J.D. McDuffie
38%
Oldest driver (71) to start a cup series race.Morgan Shepherd
38%
Driver's first ever stock car race was in cup (the highest level).Ricky Rudd
38%

Score Distribution

Percentile by Number Answered

Percent of People with Each Score

Your Score History

You have not taken this quiz